[Event "Niederbayern-ch"]
[Site "Ortenburg"]
[Date "2019.04.27"]
[Round "6"]
[White "Bartsch, Ruediger"]
[Black "Staudinger, Simon"]
[Result "1/2-1/2"]
[WhiteElo "1702"]
[BlackElo "1767"]
[PlyCount "137"]
[EventDate "2019.04.25"]
[EventType "swiss"]
[EventRounds "7"]
[EventCountry "GER"]
[SourceTitle "EXT 2023"]
[Source "ChessBase"]
[SourceDate "2022.10.05"]
[SourceVersion "1"]
[SourceVersionDate "2022.10.05"]
[SourceQuality "1"]

1. b3 d5 2. Bb2 c5 3. e3 a6 4. Nf3 Nc6 5. d4 Bg4 6. Be2 Nf6 7. h3 Bh5 8. 0-0 e6 9. c4 Be7 10. Nc3 dxc4 11. bxc4 cxd4 12. Nxd4 Bxe2 13. Ncxe2 Nxd4 14. Nxd4 0-0 15. Qa4 Rc8 16. Rfd1 Qc7 17. Rac1 Rfd8 18. Qc2 h6 19. Nb3 Rxd1+ 20. Qxd1 Nd7 21. Bd4 Ba3 22. Rb1 Nf8 23. Nd2 e5 24. Bb6 Qd6 25. Qg4 Rc6 26. Ne4 Qe6 27. Qxe6 Nxe6 28. c5 f5 29. Nd6 Bxc5 30. Bxc5 Nxc5 31. Nxf5 Kf7 32. g4 b5 33. Kf1 Ne4 34. Rb2 Rc1+ 35. Kg2 Kf6 36. a4 Rc5 37. axb5 axb5 38. f3 Nc3 39. h4 h5 40. Nd6 hxg4 41. fxg4 Ke6 42. Nb7 Rc4 43. Kf3 Rc7 44. Na5 Rf7+ 45. Kg2 Ra7 46. Nb3 Ra2 47. Rxa2 Nxa2 48. e4 Nb4 49. Kf3 Nc2 50. Nc5+ Kd6 51. Nd3 b4 52. h5 b3 53. g5 Nd4+ 54. Kg4 Ke7 55. h6 gxh6 56. gxh6 Kf6 57. h7 Kg7 58. Kg5 Kxh7 59. Kf6 Nf3 60. Nb2 Kh6 61. Ke6 Kg5 62. Kd5 Kf4 63. Nc4 Kg3 64. Kc5 Kg4 65. Kb4 Nd4 66. Nxe5+ Kf4 67. Nc4 Kxe4 68. Nd2+ Kd3 69. Nxb3 1/2-1/2